| 000 | 00453nam a22001817a 4500 | ||
|---|---|---|---|
| 003 | CEME | ||
| 005 | 20210628203638.0 | ||
| 008 | 210121b xxu||||| |||| 00| 0 eng d | ||
| 040 | _cceme | ||
| 082 | _a341 STA | ||
| 100 |
_aStarke, J.G _935291 |
||
| 245 | _aIntroduction to international law | ||
| 250 | _a10TH | ||
| 260 |
_aLAHORE _bNATIONAL BOOK FOUNDATION _c2007 |
||
| 300 | _aXXIX,662 P | ||
| 650 |
_aINTERNATIONAL LAW _98483 |
||
| 942 |
_cBK _2ddc |
||
| 999 |
_c574610 _d574610 |
||